Statistiques concernant Chanteurs et musiciens en E (par images).

Cliquez ici pour prendre le quiz!

Statistiques générales

  • Ce quiz a été pris 186 fois
  • Le résultat moyen est 5 sur 12

Statistiques - réponses

Réponse% Correct
Eazy-E
99%
Eminem
89%
Billie Eilish
84%
Roméo Elvis
75%
Imen Es
42%
Émile et Images
35%
Benjamin Epps
18%
The Eagles
17%
Eiffel 65
15%
Exo
8%
Elams
5%
Enya
4%

Distribution des résultats

Percentile par nombre de réponses

% des personnes avec chaque résultat

Votre développement - résultats

Vous n’avez pas pris ce quiz